000 00552pab a2200193 454500
008 180718b2011 xxu||||| |||| 00| 0 eng d
100 _aOpoku, Patience
245 _aThe role of women leaders in empowering rural women in the context of rights and development issues of Afro-Asian region
260 _c2011
300 _ap.107-117.
362 _aJan-Jun
650 _aWomens rights
650 _aWomen and development
650 _aRural women
650 _aWomenl
773 _aJournal of Rural Development
908 _aN
909 _a93617
999 _c93617
_d93617